000
00286nam a2200121Ia 4500
008
190216s9999||||xx |||||||||||||| ||und||
100
_a
Cole.Rj
245
0
_a
Vector Methods
250
_a
1st Ed.
260
_b
Van Nostrand Reinhold Company
_c
1974
650
_a
Mathematics
942
_c
BK
999
_c
30627
_d
30627